000
003140000a22001450004500
003
MACL
040
_a
MACL
090
_c
33864
_d
33862
100
_a
Verma, R P
245
_a
MBA Entrance Guide
260
_b
Asian Books Private Ltd
_c
2002
350
_a
330
650
_a
General Managment
942
_c
BOOK
_k
658/VER
999
_c
33509
_d
33509